NUTS 3 Statistical Regions of Austria with a Map - Statistics

General Stats
  • This quiz has been taken 147 times
  • The average score is 16 of 35
Answers on the Map
Answers color-coded by a green-red scale on the quiz's map according to % correct below.
 
Answer Stats
NUTS 1 NUTS 2 NUTS 3 % Correct
Eastern Austria Vienna Wien
99%
Western Austria Salzburg Salzburg undUmgebung
93%
Eastern Austria Burgenland {Süd}burgenland
79%
Southern Austria Styria Graz
78%
Eastern Austria Burgenland {Nord}burgenland
78%
Western Austria Tyrol {Ost}tirol
78%
Western Austria Tyrol Innsbruck
75%
Western Austria Upper Austria Linz-Wels
75%
Eastern Austria Lower Austria Niederösterreich-{Süd}
75%
Eastern Austria Lower Austria Wiener Umland/Südteil
75%
Eastern Austria Lower Austria Wiener Umland/Nordteil
74%
Southern Austria Styria {Ost}steiermark
71%
Eastern Austria Burgenland {Mittel}burgenland
62%
Southern Austria Carinthia {Ober}kärnten
58%
Western Austria Tyrol Tiroler {Ober}land
57%
Southern Austria Carinthia Klagenfurt-Villach
52%
Southern Austria Carinthia {Unter}kärnten
52%
Western Austria Tyrol Tiroler {Unter}land
51%
Eastern Austria Lower Austria Sankt Pölten
47%
Southern Austria Styria {West}- und{Süd}steiermark
32%
Western Austria Salzburg Pinzgau-Pongau
26%
Southern Austria Styria Liezen
23%
Eastern Austria Lower Austria Waldviertel
22%
Western Austria Vorarlberg Bludenz-Bregenzer Wald
21%
Western Austria Salzburg Lungau
21%
Western Austria Upper Austria Innviertel
20%
Western Austria Tyrol Außerfern
19%
Eastern Austria Lower Austria Weinviertel
19%
Western Austria Upper Austria Mühlviertel
16%
Western Austria Upper Austria Traunviertel
16%
Eastern Austria Lower Austria Mostviertel-Eisenwurzen
13%
Western Austria Upper Austria Steyr-Kirchdorf
12%
Southern Austria Styria {Östliche}{Ober}steiermark
8%
Western Austria Vorarlberg Rheintal-Bodenseegebiet
8%
Southern Austria Styria {Westliche}{Ober}steiermark
8%
No matching quizzes found
Score Distribution
Percent of People with Each Score
Percentile by Number Answered
Your Score History
You have not taken this quiz